000 01010nam a22002177a 4500
001 3219
005 20240220133200.0
020 _a9781853264764
040 _aFISKH
_beng
_cFISKH
_dFISKH
_eFISKH
050 _aQH11.D2
082 _a508.8
100 _aDarwin Charles
245 _aDarwin the voyage of the beagle
_cWith an introduction by David Amigoni
260 _aHertfordshire :
_bWordsworth.
_c1997
300 _a480 pages :
_c21 cm
520 _aVoyage of the Beagle chronicles Charles Darwin's five years as a naturalist on board the H.M.S. Beagle. The notes and observations that he recorded in his diary included Chile, Argentina and Galapagos Islands and encompasses the ecology, geology and anthropology of the places he visits. A fascinating travel memoir the ideas that were later to evolve into Darwin's theory of natural selection find their naissance in Voyage of the Beagle .
650 _2natural history
650 _anaval history
650 _aexploration
942 _2ddc
_cBK
_n0
999 _c3219
_d3219